| 000 | 00449nam a22001337a 4500 | ||
|---|---|---|---|
| 020 | _a4762205141 | ||
| 040 | _cDLC | ||
| 082 | _a777 SOL 1987 A088 Or. | ||
| 245 | 0 | 0 |
_aAnimal societies : _btheories and facts / |
| 260 |
_aTokyo : _bJapan Scientific Societies Press : _bSole distributor for the outside Japan, Business Center for Academic Societies Japan, _cc1987. |
||
| 300 |
_axvi, 291 p. : _bill. ; _c24 cm. |
||
| 700 | 1 | _aItō, Yoshiaki, | |
| 942 | _cEK | ||
| 999 |
_c15759 _d15759 |
||